[Event "ITA-ch U20"]
[Site "Tarvisio"]
[Date "2023.07.08"]
[Round "8"]
[White "Ventrice, Lorenzo"]
[Black "Agolzer, Luca"]
[Result "1/2-1/2"]
[WhiteElo "1645"]
[BlackElo "1899"]
[PlyCount "142"]
[EventDate "2023.07.02"]
[EventType "swiss"]
[EventRounds "9"]
[EventCountry "ITA"]
[SourceTitle "EXT 2024"]
[Source "ChessBase"]
[SourceDate "2023.10.10"]
[SourceVersion "1"]
[SourceVersionDate "2023.10.10"]
[SourceQuality "1"]

1. e4 c5 2. Nf3 d6 3. d4 cxd4 4. Nxd4 Nf6 5. Nc3 a6 6. Bc4 e6 7. Bb3 b5 8. 0-0 Be7 9. Qf3 Qc7 10. Qg3 0-0 11. Bh6 Ne8 12. Rad1 Kh8 13. Bg5 Nf6 14. a3 Bd7 15. f4 Nc6 16. f5 Nxd4 17. Rxd4 Rad8 18. Kh1 Bc6 19. Qh4 Qb7 20. Rf3 Ng8 21. f6 Bxf6 22. Bxf6 gxf6 23. Rxf6 Qe7 24. Rh6 Qxh4 25. Rxh4 Nf6 26. Kg1 Rg8 27. Rd2 a5 28. Rf4 b4 29. Rxf6 bxc3 30. bxc3 Rd7 31. Re2 a4 32. Bc4 Rb8 33. Kf2 Kg7 34. Rf3 Rb1 35. Rg3+ Kf6 36. Rh3 Ra1 37. Rxh7 Rxa3 38. Rh3 Ra1 39. Rg3 a3 40. Rg4 a2 41. Ke3 Ra7 42. Rf2+ Ke7 43. Bxa2 R7xa2 44. Rg7 Be8 45. g4 Rg1 46. h4 Ra5 47. g5 Kf8 48. Rg6 Ke7 49. Rg7 Kf8 50. Rg6 Rg3+ 51. Kd2 Re5 52. Rgf6 Kg7 53. R6f4 Rh3 54. Rg4 Rc5 55. Rgf4 Rcxc3 56. h5 Rcg3 57. g6 fxg6 58. Rf8 Bb5 59. R2f7+ Kh6 60. hxg6 Kxg6 61. Rf6+ Kg5 62. Rxe6 Rg2+ 63. Kc1 Rhh2 64. Rf5+ Kh4 65. Rh6+ Kg4 66. Rxh2 Rxh2 67. Rxb5 Kf4 68. Rb4 Re2 69. Rd4 Ke5 70. Rd5+ Ke6 71. Rd4 Ke5 1/2-1/2

[Event "ITA-ch U20"]
[Site "Tarvisio"]
[Date "2023.07.06"]
[Round "6"]
[White "Ventrice, Lorenzo"]
[Black "Fargetta, Vittorio"]
[Result "0-1"]
[WhiteElo "1645"]
[BlackElo "1857"]
[PlyCount "84"]
[EventDate "2023.07.02"]
[EventType "swiss"]
[EventRounds "9"]
[EventCountry "ITA"]
[SourceTitle "EXT 2024"]
[Source "ChessBase"]
[SourceDate "2023.10.10"]
[SourceVersion "1"]
[SourceVersionDate "2023.10.10"]
[SourceQuality "1"]

1. e4 e6 2. d3 d5 3. Nd2 Nf6 4. Ngf3 b6 5. g3 Be7 6. Bg2 dxe4 7. dxe4 Ba6 8. c4 Bb7 9. Qc2 Na6 10. Qa4+ Qd7 11. Qxd7+ Nxd7 12. 0-0 Ndc5 13. e5 Nb4 14. Nd4 Bxg2 15. Kxg2 Nbd3 16. N2f3 a5 17. Nc6 Nb4 18. Nfd4 Nxc6 19. Nxc6 Nd3 20. Rd1 Nb4 21. Nd4 0-0-0 22. Be3 Bc5 23. Rd2 Bxd4 24. Bxd4 Rd7 25. Bc3 Rxd2 26. Bxd2 Rd8 27. Bxb4 axb4 28. b3 Rd3 29. h4 Kb7 30. g4 Kc6 31. f4 Kc5 32. Rf1 Kd4 33. Rf2 Kc3 34. f5 Rd2 35. Rxd2 Kxd2 36. h5 g6 37. fxe6 fxe6 38. g5 Ke3 39. Kg3 Ke4 40. hxg6 hxg6 41. Kf2 Kxe5 42. Ke3 c5 0-1

[Event "ITA-ch U20"]
[Site "Tarvisio"]
[Date "2023.07.05"]
[Round "4"]
[White "Ventrice, Lorenzo"]
[Black "Lin, Boyuan"]
[Result "0-1"]
[WhiteElo "1645"]
[BlackElo "1869"]
[PlyCount "54"]
[EventDate "2023.07.02"]
[EventType "swiss"]
[EventRounds "9"]
[EventCountry "ITA"]
[SourceTitle "EXT 2024"]
[Source "ChessBase"]
[SourceDate "2023.10.10"]
[SourceVersion "1"]
[SourceVersionDate "2023.10.10"]
[SourceQuality "1"]

1. Nf3 d5 2. g3 Nf6 3. Bg2 Nbd7 4. d4 b5 5. a4 b4 6. a5 a6 7. c3 bxc3 8. bxc3 e6 9. Nbd2 Bb7 10. 0-0 Be7 11. Re1 0-0 12. e4 Nxe4 13. Nxe4 dxe4 14. Nd2 f5 15. Qb3 Bd5 16. c4 Rb8 17. Qa2 Ba8 18. Ba3 c5 19. d5 Ne5 20. Nxe4 fxe4 21. Bxe4 exd5 22. cxd5 Bd6 23. Qe2 Qf6 24. Kg2 Nf7 25. f4 c4 26. Kh1 Bxa3 27. Rxa3 Qd6 0-1